قراءة من ملفات منسية : (Record no. 25092)
[ view plain ]
| 000 -الفاتح | |
|---|---|
| حقل البيانات ثابتة الطول | 01001nam a22002895a 4500 |
| 003 - محدد رقم الضبط | |
| رقم الضبط | OSt |
| 005 - وقت وتاريخ اخر تعامل مع التسجيلة | |
| رقم الضبط | 20170821142500.0 |
| 008 - عناصر البيانات ثابتة الطول - معلومات عامة | |
| حقل البيانات ثابتة الطول | 170801s2016 ua a gr 000 0 ara d |
| 017 ## - رقم الإيداع القانونى | |
| رقم الإيداع القانونى | 2016 / 1743 |
| 020 ## - الرقم الدولى المعيارى للكتب | |
| الرقم الدولى المعيارى للكتاب | 9789770817070 |
| 040 ## - مصدر الفهرسة | |
| وكالة الفهرسة الأصلية | EG-ScBUE |
| لغة الفهرسة | ara |
| وكالة النسخ | EG-ScBUE |
| 043 ## - رمز المنطقة الجغرافية | |
| رمز المنطقة الجغرافية | f-ua--- |
| 082 04 - رقم تصنيف ديوى العشرى | |
| رقم الطبعة | 22 |
| رقم التصنيف | 079.62 |
| رقم المادة | ع ط ي |
| 100 1# - المدخل الرئيسى - إسم شخصى | |
| الإسم الشخصى | عطية، محمود. |
| 9 (RLIN) | 21624 |
| 245 10 - بيان العنوان | |
| العنوان | قراءة من ملفات منسية : |
| بقية العنوان | من ذاكرة نقابة الصحفيين / |
| بيان المسئوليه,etc | محمود عطية. |
| 260 ## - PUBLICATION, DISTRIBUTION, ETC. (IMPRINT) | |
| مكان الناشر او الموزع | [ القاهرة ] : |
| اسم الناشر او الموزع | أخبار اليوم، |
| تاريخ النشر أو التوزيع | 2016. |
| 300 ## - الوصف المادى | |
| التعداد | 143 ص. : |
| تفاصيل ماديه اخرى للوعاء | إيض. ؛ |
| أبعاد الوعاء | 24 سم. |
| 490 0# - بيان السلسلة | |
| عنوان السلسلة | نبض وطن. |
| 500 ## - تبصرة عامة | |
| تبصرة عامة | نقابة الصحفيين : اليوبيل الماسي (2016/1941). |
| 541 ## - تبصرة المصدر المباشر للتزويد | |
| مصدر التزويد | إهداء من د. محمد شومان. |
| 590 ## - تبصرة محلية(RLIN) | |
| تبصرة محلية | دعاء |
| 610 27 - المدخل الاضافى بالموضوع-اسم هيئة | |
| مصدر الرأس أو المصطلح | BUEsh |
| اسم الهيئة أو اسم السلطة كمدخل | نقابة الصحفيين (مصر) |
| التقسيم الفرعي العام | تاريخ. |
| 650 #7 - المدخل الاضافى بالموضوع-مصطلح موضوعى | |
| مصدر الرأس أو المصطلح | BUEsh |
| مصطلح موضوعي أو اسم جغرافي كعنصر مدخل | الصحافة |
| 9 (RLIN) | 15109 |
| التقسيم الفرعي الجغرافي | مصر. |
| 651 ## - المدخل الاضافى بالموضوع - اسم جغرافى | |
| مصدر الرأس أو المصطلح | BUEsh |
| 653 ## - مصطلح تكشيفى غير مقيد | |
| Resource For college | Generalities |
| Arrived date list | July2017 |
| 942 ## - عناصر المدخل الإضافي( كوها) | |
| مصدر التصنيف او مخطط الترفيف | Dewey Decimal Classification |
| حالة التراجع | حالة الفقد | مصدر التصنيف او خطة الترفيف | حالة تلف | ليس للاعارة | المكان الدائم | المكان الحالي | موقع الترفيف | تاريخ الاكتساب | Source of acquisition | رقم الاستدعاء | الباركود | Date last seen | تبصرة غير عامة( المفوع للعناصر المفقوده) | نوع الوعاء |
|---|---|---|---|---|---|---|---|---|---|---|---|---|---|---|
| Dewey Decimal Classification | Central Library | Central Library | Lower Floor | 01/08/2017 | Donation | 079.62 ع ط ي | 000046190 | 15/07/2025 | إهداء من د. محمد شومان. | Book - Borrowing | ||||
| Dewey Decimal Classification | Central Library | Central Library | Lower Floor | 01/08/2017 | Donation | 079.62 ع ط ي | 000046191 | 15/07/2025 | إهداء من د. محمد شومان. | Book - Borrowing |